Estadísticas para Ciudades de Europa con más de 1 Millón

Haz click aquí para intentar la prueba.

Estadísticas generales

  • Esta prueba ha sido intentada 92 veces
  • La puntuación promedio es 26 de 37

Estadísticas de respuestas

País% Correcto
Barcelona
100%
Berlín
100%
Madrid
100%
Moscú
100%
París
100%
Londres
97%
Roma
97%
Kiev
96%
Bruselas
95%
Budapest
95%
Viena
95%
Sofia
94%
Milán
92%
Bucarest
91%
Minsk
91%
Múnich
91%
Estambul
88%
Varsovia
88%
Belgrado
87%
Praga
85%
San Petersburgo
77%
Hamburgo
76%
Bakú
71%
Tiflis
71%
Ereván
65%
Colonia
64%
Birmingham
60%
Odesa
50%
Járkov
44%
Kazán
31%
Rostov del Don
24%
Volgogrado
24%
Samara
19%
Nizhni Nóvgorod
17%
Vorónezh
17%
Ufá
14%
Perm
10%

Distribución de puntuación

Porcentaje por número respondido

Porcentaje de gente con cada puntuación

Historial de tus puntuaciones

No has intentado esta prueba.